Historia de las Indias de Nueva España e islas de la tierra firme /

Uloženo v:
Podrobná bibliografie
Hlavní autor: Durán, Diego (autor)
Médium: Kniha
Jazyk:španělština
Vydáno: España : Banco Santander, c1991-1991
Tagy: Přidat tag
Žádné tagy, Buďte první, kdo vytvoří štítek k tomuto záznamu!

MARC

LEADER 00000nam^a2200000^a^4500
001 000431451
005 20250526000000.0
009 20260310122950.064
020 |a 84-7506-343-8 
037 |a Acervo ITESO - Biblioteca 
041 |a ESP 
091 |a FHM. 05532 
100 |a Durán, Diego  |e (autor) 
245 1 0 |a Historia de las Indias de Nueva España e islas de la tierra firme / 
264 4 |a España :  |b Banco Santander,  |c c1991-1991 
300 |a 2 v. (XXXIV, XVIII, 546 p.) ;  |c 34.0 cm. 
336 |a texto  |b txt  |2 rdacontenido 
337 |a sin mediación  |b n  |2 rdamedio 
338 |a volumen  |b nc  |2 rdasoporte 
649 |a XX 
910 |a Fondo Hugo B. Margáin 
920 |a Impresos - Libros 
930 |a Libros Antiguos y Raros 
905 |a 126 
901 |a 0500314742  |b IT2  |c LRA  |i D107370  |u 20250526 
901 |a 0500314863  |b IT2  |c LRA  |i D107371  |u 20250526 
902 |a https://opac.biblio.iteso.mx/vufind/Record/000431451